000 00461ntaaa2200181 4500
003 01
005 20251027200549.0
008 0714s1973 ag 01
040 _aAR-BaBN
_bspa
_cAR-BaBN
_eaacr
_dRIC
082 _a224.1 N75
100 _aNorth, Christopher R
_91248
245 _aIsaias 40-55 /
_cChristopher R North
250 _a1 ed.
260 _aBuenos Aires :
_bAurora,
_c1960
300 _a169 p
650 _aBiblia-Antiguo Testamento-Isaias
942 _cBK
999 _c420
_d420